Электротехника, основы промышленной электроники и электрооборудование (Запись № 330983)

Подробности
000 -МАРКЕР
контрольное поле 02231nam0a2200385 4500
001 - ИДЕНТИФИКАТОР ЗАПИСИ
контрольное поле RU\NLR\bibl\62293
005 - ИДЕНТИФИКАТОР ВЕРСИИ
контрольное поле 20250616092008.0
010 ## - МЕЖДУНАРОДНЫЙ СТАНДАРТНЫЙ НОМЕР КНИГИ (ISBN)
Номер (ISBN) 5-230-03060-7
Тираж 400
021 ## - НОМЕР ГОСУДАРСТВЕННОЙ РЕГИСТРАЦИИ
Код страны российская федерация
Номер 99-25061
Номер Листа государственной регистраци 1224
035 ## - ДРУГИЕ СИСТЕМНЫЕ НОМЕРА
Идентификатор записи (NLR Aleph) 000060785
100 ## - ДАННЫЕ ОБЩЕЙ ОБРАБОТКИ
Данные общей обработки 19991207d1998 |||y0rusy50 ca
101 0# - ЯЗЫК РЕСУРСА
Язык текста, звукозаписи и т.д. русский
102 ## - СТРАНА ПУБЛИКАЦИИ ИЛИ ПРОИЗВОДСТВА
Страна публикации российская федерация
105 ## - ПОЛЕ КОДИРОВАННЫХ ДАННЫХ: ТЕКСТОВЫЕ МАТЕРИАЛЫ, МОНОГРАФИЧЕСКИЕ
Кодированные данные о монографическом текстовом документе a |||||||||
200 1# - ЗАГЛАВИЕ И СВЕДЕНИЯ ОБ ОТВЕТСТВЕННОСТИ
Основное заглавие Электротехника, основы промышленной электроники и электрооборудование
Сведения, относящиеся к заглавию Учеб. пособие
-- [Для студентов днев. и веч. форм обучения хим.-мех. фак. спец. 250100 и 250200]
Первые сведения об ответственности С.Е. Невский
Последующие сведения об ответственности М-во общ. и проф. образования Рос. Федерации, Нижегор. гос. техн. ун-т
210 ## - ПУБЛИКАЦИЯ, РАСПРОСТРАНЕНИЕ И ДР.
Место издания, распространения и т.д. Н. Новгород
Имя издателя, распространителя и т. д. НГТУ
Дата издания, распространения и т.д. 1998
215 ## - ФИЗИЧЕСКАЯ ХАРАКТЕРИСТИКА
Специфическое обозначение материала и объем 115 с.
Другие сведения о физической характеристике ил.
Размеры 20
320 ## - ПРИМЕЧАНИЯ О НАЛИЧИИ В ДОКУМЕНТЕ БИБЛИОГРАФИИ / УКАЗАТЕЛЯ
Текст примечания Библиогр.: с. 115 (10 назв.)
606 0# - НАИМЕНОВАНИЕ ТЕМЫ КАК ПРЕДМЕТ
Наименование темы Электротехника
Формальный подзаголовок Руководства, пособия и т.п. для высшей школы
Системный номер авторитетной/нормативной записи 1132267
Идентификатор авторитетной/нормативной записи RU\NLR\auth\66130670
606 0# - НАИМЕНОВАНИЕ ТЕМЫ КАК ПРЕДМЕТ
Наименование темы Электротехника
Формальный подзаголовок Учебные издания для высшей школы
Системный номер авторитетной/нормативной записи 1132267
Идентификатор авторитетной/нормативной записи RU\NLR\auth\66130670
606 0# - НАИМЕНОВАНИЕ ТЕМЫ КАК ПРЕДМЕТ
Наименование темы Электрооборудование
Формальный подзаголовок Руководства, пособия и т.п. для высшей школы
Системный номер авторитетной/нормативной записи 1250152
Идентификатор авторитетной/нормативной записи RU\NLR\auth\66194683
606 0# - НАИМЕНОВАНИЕ ТЕМЫ КАК ПРЕДМЕТ
Наименование темы Электрооборудование
Формальный подзаголовок Учебные издания для высшей школы
Системный номер авторитетной/нормативной записи 1250152
Идентификатор авторитетной/нормативной записи RU\NLR\auth\66194683
606 0# - НАИМЕНОВАНИЕ ТЕМЫ КАК ПРЕДМЕТ
Наименование темы Электроника промышленная
Формальный подзаголовок Руководства, пособия и т.п. для высшей школы
Системный номер авторитетной/нормативной записи 1424927
Идентификатор авторитетной/нормативной записи RU\NLR\auth\66601688
606 0# - НАИМЕНОВАНИЕ ТЕМЫ КАК ПРЕДМЕТ
Наименование темы Промышленная электроника
Формальный подзаголовок Учебные издания для высшей школы
Системный номер авторитетной/нормативной записи 2137254
Идентификатор авторитетной/нормативной записи RU\NLR\auth\661288603
686 ## - ИНДЕКСЫ ДРУГИХ КЛАССИФИКАЦИЙ
Индекс З2я73-1
686 ## - ИНДЕКСЫ ДРУГИХ КЛАССИФИКАЦИЙ
Индекс З859-01я73-1
700 #1 - ИМЯ ЛИЦА - ПЕРВИЧНАЯ ОТВЕТСТВЕННОСТЬ
Начальный элемент ввода Невский
Часть имени, кроме начального элемента ввода С. Е.
Расширение инициалов личного имени Станислав Евгеньевич
Код отношения Автор
801 #0 - ИСТОЧНИК ЗАПИСИ
Страна российская федерация
Организация NLR
Дата составления 19991207
Правила каталогизации PSBO
801 #1 - ИСТОЧНИК ЗАПИСИ
Страна российская федерация
Организация NLR
Дата составления 19991207
830 ## - ОБЩЕЕ ПРИМЕЧАНИЕ, СОСТАВЛЕННОЕ КАТАЛОГИЗАТОРОМ
Текст примечания авт.по кн.
852 ## - МЕСТОНАХОЖДЕНИЕ И ШИФР ХРАНЕНИЯ
Идентификатор организации NLR
Шифр хранения (Call Number) 99-3/15672
942 ## - ДОПОЛНИТЕЛЬНЫЕ ЭЛЕМЕНТЫ ЗАПИСИ (АБИС)
Тип экземпляра АБИС Книга
980 ## - КОЛЛЕКЦИЯ
Название коллекции Национальная библиография
Экземпляры
Тип экземпляра Дата поступления Библиотека постоянного хранения Библиотека текущего хранения Место хранения Шифр хранения Штрих-код Статус не для выдачи
Книга 26.10.2013 РНБ (Московский) РНБ (Московский) Русский книжный фонд: издания с 1957 года, 8этаж 99-3/15672 60785-10